[Event "ROU-ch Women 2019"]
[Site "Olanesti"]
[Date "2019.03.07"]
[Round "6.17"]
[White "Sgircea, Silvia-Raluca"]
[Black "Sandu, Mihaela"]
[Result "1-0"]
[WhiteElo "2252"]
[BlackElo "2294"]
[Annotator "ChessBase"]
[PlyCount "100"]
[EventDate "2019.03.02"]
[EventType "swiss"]
[EventCountry "ROU"]
[SourceTitle "playchess.com"]
[Source "ChessBase"]
[SourceQuality "1"]
[TimeControl "40/5400+30:1800+30"]

1. d4 {[%emt 0:00:00]} Nf6 {[%emt 0:00:00]} 2. Nf3 {[%emt 0:00:00]} g6 {[%emt 0:01:43]} 3. c4 {[%emt 0:00:23]} Bg7 {[%emt 0:00:05]} 4. Nc3 {[%emt 0:00:09]} O-O {[%emt 0:00:26]} 5. e3 {[%emt 0:00:22]} d6 {[%emt 0:02:38]} 6. Be2 {[%emt 0:00:13]} Nbd7 {[%emt 0:01:17]} 7. O-O {[%emt 0:00:09]} e5 {[%emt 0:01:54]} 8. Qc2 {[%emt 0:00:12]} Re8 {[%emt 0:00:17]} 9. b3 {[%emt 0:00:55]} exd4 {[%emt 0:02:46]} 10. Nxd4 {[%emt 0:01:37]} a6 {[%emt 0:03:38]} 11. Bb2 {[%emt 0:00:32]} Ne5 {[%emt 0:05:46]} 12. Rfd1 {[%emt 0:11:40]} Bd7 {[%emt 0:03:08]} 13. h3 {[%emt 0:10:15]} Qc8 {[%emt 0:00:37]} 14. Nd5 {[%emt 0:07:40]} Qd8 {[%emt 0:13:08]} 15. Nc3 {[%emt 0:21:05]} Rb8 {[%emt 0:12:07]} 16. b4 {[%emt 0:06:57]} Nc6 {[%emt 0:08:19]} 17. Nxc6 {[%emt 0:02:04]} bxc6 {[%emt 0:01:33]} 18. a3 {[%emt 0:02:04]} a5 {[%emt 0:14:11]} 19. b5 {[%emt 0:00:47]} Bf5 {[%emt 0:02:39]} 20. Bd3 {[%emt 0:05:57]} Bxd3 {[%emt 0:00:30]} 21. Qxd3 {[%emt 0:01:35]} Nd7 {[%emt 0:00:33]} 22. Rab1 {[%emt 0:02:44]} Qh4 {[%emt 0:03:23]} 23. Qe2 {[%emt 0:02:06]} Nb6 {[%emt 0:03:01]} 24. c5 {[%emt 0:07:03]} dxc5 {[%emt 0:00:19]} 25. bxc6 {[%emt 0:00:02]} Qc4 {[%emt 0:01:15]} 26. Qe1 {[%emt 0:01:10]} Qe6 {[%emt 0:01:23]} 27. Nb5 {[%emt 0:00:47]} Qxc6 {[%emt 0:08:08]} 28. Bxg7 {[%emt 0:00:08]} Kxg7 {[%emt 0:00:04]} 29. Qxa5 {[%emt 0:00:22]} Nd5 {[%emt 0:03:25]} 30. a4 {[%emt 0:04:33]} Rbd8 {[%emt 0:03:57]} 31. Rdc1 {[%emt 0:05:09]} Re4 {[%emt 0:01:08]} 32. Na7 {[%emt 0:03:06]} Qxa4 {[%emt 0:01:19]} 33. Qxc5 {[%emt 0:00:17]} Re6 {[%emt 0:00:42]} 34. Nc6 {[%emt 0:00:42]} Rdd6 {[%emt 0:00:45]} 35. Nd4 {[%emt 0:00:22]} Re4 {[%emt 0:00:38]} 36. Nb5 {[%emt 0:00:46]} Rd7 {[%emt 0:00:18]} 37. Qc6 {[%emt 0:03:00]} Nf6 {[%emt 0:00:24]} 38. Nd4 {[%emt 0:01:27]} Qa2 {[%emt 0:00:47]} 39. Qc2 {[%emt 0:00:24]} Qa6 {[%emt 0:00:42]} 40. Rb4 {[%emt 0:00:00]} Re8 {[%emt 0:00:00]} 41. Rc4 {[%emt 0:01:38]} Nd5 {[%emt 0:01:24]} 42. Rc6 {[%emt 0:03:54]} Qa5 {[%emt 0:01:40]} 43. Rc5 {[%emt 0:01:27]} Qb6 {[%emt 0:07:58]} 44. Nc6 {[%emt 0:01:42]} Rd6 {[%emt 0:04:36]} 45. Qa2 {[%emt 0:10:41]} Kg8 {[%emt 0:10:36]} 46. Nd4 {[%emt 0:01:38]} Nb4 {[%emt 0:03:42]} 47. Qc4 {[%emt 0:00:25]} Na6 {[%emt 0:01:30]} 48. Rb5 {[%emt 0:00:39]} Qa7 {[%emt 0:00:11]} 49. Nc6 {[%emt 0:00:23]} Ree6 {[%emt 0:00:29]} 50. Nxa7 {[%emt 0:00:09]} Nb8 1-0

[Event "ROU-ch Women 2019"]
[Site "Olanesti"]
[Date "2019.03.07"]
[Round "6.18"]
[White "Aciu, Malina-Andreea"]
[Black "Cosma, Elena-Luminita"]
[Result "1/2-1/2"]
[WhiteElo "1980"]
[BlackElo "2324"]
[Annotator "NA"]
[PlyCount "75"]
[EventDate "2019.03.02"]
[EventType "swiss"]
[EventCountry "ROU"]
[SourceTitle "playchess.com"]
[Source "ChessBase"]
[SourceQuality "1"]
[TimeControl "40/5400+30:1800+30"]

1. e4 {[%emt 0:00:00]} e6 {[%emt 0:00:00]} 2. d4 {[%emt 0:00:00]} d5 {[%emt 0:00:00]} 3. Nc3 {[%emt 0:00:00]} h6 {[%emt 0:00:25]} 4. Nf3 {[%emt 0:00:00]} (4. f4 dxe4 5. Nxe4 Nd7 6. Nf3 Ngf6 7. Nxf6+ Nxf6 8. Bd3 c5 9. Qe2 cxd4 10. Bd2 Qb6 11. O-O-O Bd7 {0-1 (66) Short,N (2646)-Lomasov,S (2553) Moscow 2018}) 4... Nf6 {[%emt 0:00:04]} 5. Bd3 {[%emt 0:15:19]} Bb4 {[%emt 0:00:17]} 6. e5 {[%emt 0:01:13] C10: French with 3 Nc3: Unusual Black 3rd moves and 3...dxe4} Ne4 {[%emt 0:00:10]} 7. Bd2 {[%emt 0:02:15]} Bxc3 {[%emt 0:03:32]} 8. bxc3 {[%emt 0:05:30]} c5 {[%emt 0:03:09]} 9. O-O {[%emt 0:01:44]} Nxd2 {[%emt 0:01:37]} 10. Qxd2 {[%emt 0:03:49]} O-O $146 {[%emt 0:00:31]} ({Predecessor:} 10... c4 11. Be2 Bd7 {1-0 (42) Tzintzios,G (2186)-Tepelenis,N (2079) Rio Achaea 2018}) 11. Qe3 {[%emt 0:04:57]} Qe7 {[%emt 0:16:34]} 12. a4 {[%emt 0:13:01]} c4 {[%emt 0:12:14]} 13. Be2 {[%emt 0:00:11]} Bd7 {[%emt 0:00:05]} 14. g3 {[%emt 0:06:21]} Nc6 {[%emt 0:01:41]} 15. Nh4 {[%emt 0:01:23]} Kh7 {[%emt 0:11:12]} 16. f4 {[%emt 0:04:07]} g6 {[%emt 0:00:07]} 17. Qf2 {[%emt 0:01:42]} Rg8 {[%emt 0:06:16]} 18. Ng2 {[%emt 0:02:46]} Raf8 {[%emt 0:01:20]} 19. Ne3 {[%emt 0:01:23]} f5 {[%emt 0:00:37]} 20. exf6 {[%emt 0:00:52]} Qxf6 {[%emt 0:02:23]} 21. Qg2 {[%emt 0:04:26]} Qg7 {[%emt 0:02:35]} 22. g4 {[%emt 0:04:04]} Rf7 {[%emt 0:06:34]} 23. Qg3 {[%emt 0:06:01]} Rgf8 {[%emt 0:00:26]} 24. g5 {[%emt 0:05:11]} h5 {[%emt 0:02:47]} 25. Qh4 {[%emt 0:00:32]} Kg8 {[%emt 0:07:22]} 26. f5 {[%emt 0:01:42]} Rxf5 {[%emt 0:00:35]} 27. Nxf5 {[%emt 0:00:03]} exf5 {[%emt 0:00:08]} 28. Bf3 {[%emt 0:00:45]} Be6 {[%emt 0:00:45]} 29. Rfe1 {[%emt 0:00:36]} Qd7 {[%emt 0:01:46]} 30. Qf4 {[%emt 0:00:20]} Bf7 {[%emt 0:00:47]} 31. Kf2 {[%emt 0:01:22]} Re8 $16 {[%emt 0:02:37]} 32. Rxe8+ {[%emt 0:01:04]} Bxe8 {[%emt 0:00:04]} 33. Rb1 {[%emt 0:05:00]} Bf7 {[%emt 0:00:29]} 34. Bg2 {[%emt 0:03:43]} Kh7 {[%emt 0:01:17]} 35. Bf3 {[%emt 0:00:28]} Kg8 {[%emt 0:00:11]} 36. Bg2 {[%emt 0:00:03]} Kh7 {[%emt 0:00:09]} 37. Bf3 {[%emt 0:00:02]} Kg8 {[%emt 0:01:32]} 38. Bg2 {[%emt 0:00:04]} 1/2-1/2

[Event "ROU-ch Women 2019"]
[Site "Olanesti"]
[Date "2019.03.07"]
[Round "6.19"]
[White "Visanescu, Daria-Ioana"]
[Black "Ionescu, Irina"]
[Result "1/2-1/2"]
[WhiteElo "2084"]
[BlackElo "2270"]
[Annotator "TA"]
[PlyCount "109"]
[EventDate "2019.03.02"]
[EventType "swiss"]
[EventCountry "ROU"]
[SourceTitle "playchess.com"]
[Source "ChessBase"]
[SourceQuality "1"]

{[%evp 18,109,25,19,31,-5,6,4,9,-48,-39,-38,-37,-59,-66,-58,-61,-73,-6,-12,-6,-8,-12,-16,-3,-8,0,-4,5,0,0,-47,-43,-50,-50,-108,-99,-145,-151,-143,-84,-77,-77,-83,-6,-8,-12,-13,-5,-42,-42,-42,-42,-42,-42,-42,0,-42,-22,-42,-42,-42,-42,-42,0,0,0,0,0,0,0,0,0,0,0,0,0,0,0,0,0,0,0,0,0,0,0,0,0,0,0,0,0,0]} 1. e4 d6 2. d4 Nf6 3. Nc3 e5 4. dxe5 dxe5 5. Qxd8+ Kxd8 6. Bg5 Be6 7. O-O-O+ Nbd7 {[%cal Bb8d7,Bd7f6,Bf6g4][%mdl 32]} 8. f4 exf4 9. Nge2 Kc8 10. Nxf4 {LiveBook: 6 Games. B07: Pirc Defence: Miscellaneous Systems} (10. Bxf4 {is interesting.} Nh5 11. Bd2 a5 12. Nd4 Bg4 13. Nf3) (10. Bxf4 Ng4 11. Nd4 Bc5 12. Ncb5 Bb6 13. Nxe6 fxe6 14. Bc4 Re8 15. Rhf1 a6 16. Na3 Be3+ 17. Kb1 Bxf4 18. Rxf4 Nge5 19. Be2 {½-½ (34) Sutovsky,E (2657)-Akobian,V (2628) Wijk aan Zee 2010}) 10... Bb4 11. Nfd5 $146 (11. Nxe6 {looks sharper.} fxe6 12. Bd2 Bd6 13. Be2 a5 14. h4) ({Predecessor:} 11. Nxe6 fxe6 12. Bc4 Re8 13. Rhf1 Bxc3 14. bxc3 e5 15. Bf7 Re7 16. Bh5 a5 17. Bg4 Ra6 {1-0 (89) Nevostrujev,V (2524)-Ivanov,T (2429) Novokuznetsk 2003}) 11... Bxd5 12. Bxf6 Nxf6 13. exd5 (13. Nxd5 $11 Nxd5 14. exd5) 13... Bxc3 $15 14. bxc3 Kd7 15. Bc4 Kd6 16. Rhf1 $1 Rae8 17. Rf3 Ng4 (17... Re7 $17) 18. Rxf7 $11 Ne5 19. Rf4 Rhf8 20. Rdf1 Rxf4 21. Rxf4 Nxc4 (21... Re7 {seems wilder.} 22. Bd3 Nxd3+ 23. cxd3 Re2 24. Rg4 g6) 22. Rxc4 {[%mdl 4096] Endgame KR-KR} Re5 23. Rg4 g5 24. h4 h5 25. Rb4 b6 26. Kd2 (26. Rd4 $15) 26... Kxd5 27. Ra4 a5 28. Rd4+ {[#]} Kc5 (28... Ke6 $142 $1 29. Kd3 c5) 29. g3 $17 gxh4 30. Rxh4 Kb5 (30... Rg5 $17) 31. g4 $1 $11 hxg4 32. Rxg4 Rc5 {next ...Rc4 is good for Black.} 33. Kd3 Rd5+ 34. Ke2 Kc5 35. Rh4 b5 36. a3 a4 37. Rb4 (37. c4 $5 bxc4 38. Rh3 $17) 37... c6 {Threatening ...Rg5.} 38. Rg4 Rh5 39. Kd3 Rh3+ 40. Kd2 Rh1 41. c4 {The position is equal.} Rh2+ 42. Kc3 Rh3+ 43. Kb2 bxc4 44. Rg5+ Kb6 45. Rg8 c3+ 46. Ka2 Rh2 47. Kb1 Rh1+ 48. Ka2 Rc1 49. Rg2 c5 50. Rg6+ Kb5 51. Rg2 Kc6 52. Rg6+ Kd5 53. Rg5+ Kd4 54. Rd5+ Ke4 55. Rd4+ {Precision: White = 61%, Black = 40%.} 1/2-1/2

[Event "ROU-ch Women 2019"]
[Site "Olanesti"]
[Date "2019.03.07"]
[Round "6.20"]
[White "Dragomirescu, Angela"]
[Black "Paraschiv, Petronela-Alexandra"]
[Result "1-0"]
[WhiteElo "2260"]
[BlackElo "1872"]
[Annotator "ChessBase"]
[PlyCount "61"]
[EventDate "2019.03.02"]
[EventType "swiss"]
[EventCountry "ROU"]
[SourceTitle "playchess.com"]
[Source "ChessBase"]
[SourceQuality "1"]
[TimeControl "40/5400+30:1800+30"]

1. d4 {[%emt 0:00:00]} Nf6 {[%emt 0:00:00]} 2. c4 {[%emt 0:00:20]} e6 {[%emt 0:00:00]} 3. g3 {[%emt 0:00:06]} d5 {[%emt 0:00:20]} 4. Nf3 {[%emt 0:00:15]} b6 {[%emt 0:00:53]} 5. Bg2 {[%emt 0:02:34]} Bb7 {[%emt 0:00:06]} 6. cxd5 {[%emt 0:01:09]} Nxd5 {[%emt 0:00:58]} 7. Qa4+ {[%emt 0:08:52]} Qd7 {[%emt 0:02:37]} 8. Qb3 {[%emt 0:04:15]} c5 {[%emt 0:05:46]} 9. O-O {[%emt 0:06:47]} cxd4 {[%emt 0:03:58]} 10. Nxd4 {[%emt 0:03:46]} Bc5 {[%emt 0:01:03]} 11. Rd1 {[%emt 0:00:47]} Qe7 {[%emt 0:04:13]} 12. Qa4+ {[%emt 0:30:46]} Nd7 {[%emt 0:13:30]} 13. Nd2 {[%emt 0:07:41]} O-O {[%emt 0:02:11]} 14. Ne4 {[%emt 0:01:55]} Bxd4 {[%emt 0:03:56]} 15. Rxd4 {[%emt 0:08:34]} h6 {[%emt 0:03:19]} 16. Bd2 {[%emt 0:05:39]} Rfd8 {[%emt 0:06:34]} 17. Rd1 {[%emt 0:00:05]} f5 {[%emt 0:03:24]} 18. Nc3 {[%emt 0:01:58]} Nc5 {[%emt 0:01:19]} 19. Qa3 {[%emt 0:08:52]} Nxc3 {[%emt 0:04:36]} 20. Bxc3 {[%emt 0:00:02]} Bxg2 {[%emt 0:00:56]} 21. Kxg2 {[%emt 0:00:04]} Rxd4 {[%emt 0:01:25]} 22. Rxd4 {[%emt 0:00:08]} Qb7+ {[%emt 0:00:37]} 23. f3 {[%emt 0:01:37]} e5 {[%emt 0:00:47]} 24. Rd2 {[%emt 0:00:18]} e4 {[%emt 0:00:50]} 25. b4 {[%emt 0:00:15]} Nd7 {[%emt 0:01:01]} 26. Qb3+ {[%emt 0:00:12]} Kh8 {[%emt 0:03:37]} 27. Qf7 {[%emt 0:00:21]} exf3+ {[%emt 0:00:41]} 28. exf3 {[%emt 0:00:01]} Nc5 {[%emt 0:00:34]} 29. Bxg7+ {[%emt 0:02:36]} Kh7 {[%emt 0:00:07]} 30. Qxf5+ {[%emt 0:00:06]} Kxg7 {[%emt 0:00:07]} 31. bxc5 {[%emt 0:00:02]} 1-0

[Event "ROU-ch Women 2019"]
[Site "Olanesti"]
[Date "2019.03.08"]
[Round "7.16"]
[White "Lehaci, Miruna-Daria"]
[Black "Sgircea, Silvia-Raluca"]
[Result "1/2-1/2"]
[WhiteElo "2052"]
[BlackElo "2252"]
[Annotator "NA RC"]
[PlyCount "82"]
[EventDate "2019.03.02"]
[EventType "swiss"]
[EventCountry "ROU"]
[SourceTitle "playchess.com"]
[Source "ChessBase"]
[SourceQuality "1"]
[TimeControl "40/5400+30:1800+30"]

{[%evp 26,67,40,32767,32767,32767,20,0,0,38,52,32767,49,47,51,-14,-12,-23,-14,32767,32767,-114,32767,-125,-117,-124,32767,-107,-68,-75,-75,-85,-89,-154,0,0,16,7,16,9,73,72,75,0]} 1. e4 {[%emt 0:00:00]} c5 {[%emt 0:00:00]} 2. Nf3 {[%emt 0:00:00]} Nc6 {[%emt 0:00:00]} 3. d4 {[%emt 0:00:00]} cxd4 {[%emt 0:00:00]} 4. Nxd4 {[%emt 0:00:00]} Nf6 {[%emt 0:00:14]} 5. Nc3 {[%emt 0:00:00]} g6 {[%emt 0:00:07]} 6. Be3 {[%emt 0:00:00]} Bg7 {[%emt 0:00:09]} 7. Bc4 {[%emt 0:00:00]} O-O {[%emt 0:00:13]} 8. Bb3 {[%emt 0:00:00]} d5 {[%emt 0:00:59]} 9. exd5 {[%emt 0:08:22] B35: Sicilian: Accelerated Dragon with 5 Nc3: main line} Na5 {[%emt 0:00:08]} 10. Nf3 {[%emt 0:02:51]} (10. O-O Nxb3 11. Nxb3 b6 12. d6 e6 13. Qf3 Rb8 14. Rfd1 Bb7 15. Qh3 Rc8 16. Bd4 Nd5 17. Nxd5 Bxd5 18. Bxg7 Kxg7 {1-0 (34) Vachier Lagrave,M (2796)-Gelfand,B (2719) Palma de Mallorca 2017}) 10... Nxb3 {[%emt 0:03:29]} 11. axb3 {[%emt 0:00:42]} b6 {[%emt 0:00:36]} 12. Qd2 {[%emt 0:14:42]} Bb7 {[%emt 0:02:29]} 13. O-O-O {[%emt 0:04:26]} b5 $146 {[%emt 0:15:08]} ({Predecessor:} 13... Qd6 14. Rhe1 Rfd8 15. Bg5 Rac8 16. Qe3 Rd7 {1-0 (32) Kupreichik,V (2431)-Barlocco,C (2162) Courmayeur 2011}) 14. d6 {[%emt 0:04:54]} Qa5 {[%emt 0:08:09]} 15. Kb1 {[%emt 0:04:16]} exd6 {[%emt 0:21:18]} 16. Qxd6 {[%emt 0:05:23]} b4 {[%emt 0:10:31]} 17. Na2 {[%emt 0:08:14]} Rac8 {[%emt 0:02:32]} 18. Qxb4 {[%emt 0:03:37]} Qc7 $1 {[%emt 0:00:35]} 19. Qc3 {[%emt 0:02:25]} Qb8 $1 {[%emt 0:03:03]} 20. Qd2 {[%emt 0:07:13]} ({White should play} 20. Qa5 $14) 20... Be4 $1 {[%emt 0:02:06]} 21. Nc3 {[%emt 0:02:00]} Rxc3 $1 {[%emt 0:15:10]} 22. Qxc3 {[%emt 0:00:35]} Rc8 {[%emt 0:15:11]} 23. Bf4 {[%emt 0:17:14]} (23. Qa5 $11 {keeps the balance.}) 23... Qb7 {[%emt 0:00:41]} 24. Qa5 {[%emt 0:00:44]} ({Don't blunder} 24. Qd2 $2 Rxc2 25. Qxc2 (25. Qd8+ $2 Bf8 $19) 25... Bxc2+ 26. Kxc2 Qe4+ {[%mdl 64] Double Attack} 27. Rd3 Qxf4 $19) 24... Bxc2+ {[%emt 0:00:56]} 25. Ka1 {[%emt 0:00:04]} Qb6 {[%emt 0:06:21]} 26. Qa3 {[%emt 0:02:34]} (26. b4 $1 $11 {was the only way to keep the balance.}) 26... Bxd1 {[%emt 0:04:17]} 27. Rxd1 {[%emt 0:00:05]} Qxf2 {[%emt 0:00:18]} 28. Qa6 {[%emt 0:08:16]} Re8 {[%emt 0:00:26]} 29. Qc6 {[%emt 0:02:39]} (29. Rd2 $142 Qc5 30. Qa4) 29... Nd7 {[%emt 0:03:18]} (29... Qxg2 $17 30. Bg5 Nd7) 30. Rd2 {[%emt 0:01:10]} Qf1+ {[%emt 0:00:01]} 31. Ka2 {[%emt 0:00:04]} Re6 $1 {[%emt 0:00:15]} 32. Bd6 {[%emt 0:01:52]} Nf8 {[%emt 0:01:21]} (32... Nb6 $11) 33. Qc4 {[%emt 0:00:23]} Qh1 {[%emt 0:00:58]} 34. Ng5 $11 {[%emt 0:00:59]} ({Better is} 34. Ba3 $14 Re8 35. Qc6) 34... Qe1 {[%emt 0:00:26]} 35. Nxe6 {[%emt 0:00:38]} Qxd2 {[%emt 0:00:01]} 36. Nxg7 {[%emt 0:00:45]} Qxd6 {[%emt 0:00:06]} 37. Ne8 {[%emt 0:00:10]} Qe5 {[%emt 0:00:58]} 38. Qc6 {[%emt 0:00:45]} Qa5+ {[%emt 0:00:53]} 39. Qa4 {[%emt 0:00:29]} Qe5 {[%emt 0:00:08]} 40. h3 {[%emt 0:00:00]} h5 {[%emt 0:00:00]} 41. Qc6 {[%emt 0:01:22]} Qa5+ {[%emt 0:04:07]} 1/2-1/2

[Event "ROU-ch Women 2019"]
[Site "Olanesti"]
[Date "2019.03.08"]
[Round "7.17"]
[White "Dragomirescu, Angela"]
[Black "Peptan, Corina-Isabela"]
[Result "1/2-1/2"]
[WhiteElo "2260"]
[BlackElo "2374"]
[Annotator "NA RC"]
[PlyCount "20"]
[EventDate "2019.03.02"]
[EventType "swiss"]
[EventCountry "ROU"]
[SourceTitle "playchess.com"]
[Source "ChessBase"]
[SourceQuality "1"]
[TimeControl "40/5400+30:1800+30"]

1. d4 {[%emt 0:00:00]} d5 {[%emt 0:00:00]} 2. c4 {[%emt 0:00:00]} c6 {[%emt 0:00:00]} 3. cxd5 {[%emt 0:00:00]} cxd5 {[%emt 0:00:00]} 4. Nf3 {[%emt 0:00:00]} Nf6 {[%emt 0:00:00]} 5. Nc3 {[%emt 0:00:00]} Nc6 {[%emt 0:00:00]} 6. Bf4 {[%emt 0:00:00]} Bf5 {[%emt 0:00:21]} 7. e3 {[%emt 0:00:03]} a6 {[%emt 0:00:07]} 8. Bd3 {[%emt 0:00:04]} Bxd3 {[%emt 0:00:05]} 9. Qxd3 {[%emt 0:00:04]} e6 {[%emt 0:00:04]} 10. O-O {[%emt 0:00:04]} Bd6 {[%emt 0:00:05]} 1/2-1/2

[Event "ROU-ch Women 2019"]
[Site "Olanesti"]
[Date "2019.03.08"]
[Round "7.18"]
[White "Cosma, Elena-Luminita"]
[Black "Sandu, Mihaela"]
[Result "1/2-1/2"]
[WhiteElo "2324"]
[BlackElo "2294"]
[Annotator "RC"]
[PlyCount "108"]
[EventDate "2019.03.02"]
[EventType "swiss"]
[EventCountry "ROU"]
[SourceTitle "playchess.com"]
[Source "ChessBase"]
[SourceQuality "1"]
[TimeControl "40/5400+30:1800+30"]

1. Nf3 {[%emt 0:00:00]} Nf6 {[%emt 0:00:00]} 2. g3 {[%emt 0:00:00]} d5 {[%emt 0:00:00]} 3. Bg2 {[%emt 0:00:00]} c6 {[%emt 0:00:32]} 4. O-O {[%emt 0:00:40]} Bf5 {[%emt 0:00:23]} 5. d4 {[%emt 0:02:30]} h6 {[%emt 0:01:17]} 6. c4 {[%emt 0:00:46]} e6 {[%emt 0:00:04]} 7. Nc3 {[%emt 0:00:12]} Be7 {[%emt 0:00:09]} 8. b3 {[%emt 0:02:48]} O-O {[%emt 0:00:12]} 9. Bb2 {[%emt 0:00:31]} Nbd7 {[%emt 0:00:17]} 10. e3 {[%emt 0:00:15]} Ne4 {[%emt 0:03:38]} 11. Qe2 {[%emt 0:01:27]} Qa5 {[%emt 0:10:23]} 12. Rfc1 {[%emt 0:00:00]} Rfd8 {[%emt 0:11:25]} 13. h3 {[%emt 0:10:03]} Rac8 {[%emt 0:02:44]} 14. Ne1 {[%emt 0:09:56]} Bb4 {[%emt 0:05:39]} 15. Nxe4 {[%emt 0:02:40]} dxe4 {[%emt 0:00:51]} 16. a3 {[%emt 0:06:57]} Be7 {[%emt 0:05:32]} 17. b4 {[%emt 0:06:16]} Qc7 {[%emt 0:01:56]} 18. Rd1 {[%emt 0:06:52]} Nf6 {[%emt 0:02:47]} 19. Rac1 {[%emt 0:00:53]} a5 {[%emt 0:09:28]} 20. Nc2 {[%emt 0:01:23]} axb4 {[%emt 0:05:02]} 21. axb4 {[%emt 0:07:08]} Ra8 {[%emt 0:00:19]} 22. Ra1 {[%emt 0:00:40]} h5 {[%emt 0:00:57]} 23. Bc3 {[%emt 0:02:04]} b6 {[%emt 0:01:34]} 24. Rdc1 {[%emt 0:11:06]} Bg6 {[%emt 0:12:14]} 25. Qf1 {[%emt 0:06:12]} Rxa1 {[%emt 0:06:01]} 26. Rxa1 {[%emt 0:00:05]} h4 {[%emt 0:00:04]} 27. g4 {[%emt 0:02:49]} Nh7 {[%emt 0:00:05]} 28. Ne1 {[%emt 0:13:01]} Ng5 {[%emt 0:04:58]} 29. Qe2 {[%emt 0:00:39]} Bf6 {[%emt 0:02:22]} 30. Qa2 {[%emt 0:01:11]} e5 {[%emt 0:01:06]} 31. dxe5 {[%emt 0:02:02]} Bxe5 {[%emt 0:00:04]} 32. Qb2 {[%emt 0:00:10]} Bxc3 {[%emt 0:03:40]} 33. Qxc3 {[%emt 0:00:05]} c5 {[%emt 0:00:15]} 34. bxc5 {[%emt 0:01:22]} bxc5 {[%emt 0:00:03]} 35. Ra5 {[%emt 0:02:34]} f5 {[%emt 0:05:00]} 36. Ra6 {[%emt 0:00:14]} Kh7 {[%emt 0:03:07]} 37. Qa1 {[%emt 0:00:32]} Rd7 {[%emt 0:00:19]} 38. Qa4 {[%emt 0:01:27]} fxg4 {[%emt 0:01:31]} 39. hxg4 {[%emt 0:00:15]} h3 {[%emt 0:01:35]} 40. Bh1 {[%emt 0:00:00]} Rd6 {[%emt 0:00:00]} 41. Rxd6 {[%emt 0:08:52]} Qxd6 {[%emt 0:01:37]} 42. Qc2 {[%emt 0:00:16]} Nf3+ {[%emt 0:02:54]} 43. Bxf3 {[%emt 0:06:18]} exf3 {[%emt 0:00:07]} 44. Qc3 {[%emt 0:00:35]} Be4 {[%emt 0:08:00]} 45. Kh1 {[%emt 0:01:59]} Kg6 {[%emt 0:16:11]} 46. Qa5 {[%emt 0:00:26]} Kg5 {[%emt 0:02:14]} 47. Qa7 {[%emt 0:06:54]} g6 {[%emt 0:00:17]} 48. Qg7 {[%emt 0:00:04]} Kxg4 {[%emt 0:00:44]} 49. Qh6 {[%emt 0:00:25]} Bf5 {[%emt 0:01:09]} 50. Kg1 {[%emt 0:01:09]} Qe5 {[%emt 0:01:08]} 51. Qh4+ {[%emt 0:00:29]} Kxh4 {[%emt 0:00:23]} 52. Nxf3+ {[%emt 0:00:03]} Kh5 {[%emt 0:00:21]} 53. Nxe5 {[%emt 0:00:03]} g5 {[%emt 0:00:54]} 54. Kh1 h2 1/2-1/2